Normal view
MARC view
Entry Personal Name
001 - CONTROL NUMBER
- control field: 16159
003 - CONTROL NUMBER IDENTIFIER
- control field: OSt
005 - DATE AND TIME OF LATEST TRANSACTION
- control field: 20220809095444.0
008 - FIXED-LENGTH DATA ELEMENTS
- fixed length control field: 220809|| aca||aabn | a|a d
040 ## - CATALOGING SOURCE
- Original cataloging agency: OSt
- Transcribing agency: OSt
100 ## - HEADING--PERSONAL NAME
- Personal name: Barnes, Joanne; Linda A. Anderson; J. David Phillipson
670 ## - SOURCE DATA FOUND
- Source citation: Work cat.: (OSt): Barnes, Joanne; Linda A. Anderson; J. David Phillipson, Herbal medicines : , 2002
